00222 a2200109 4500001000700000020000600007040001100013100001800024240003300042245002800075362000900103177062 a  cMagnum aGuedes, Hardy10aO negrinho do pastoreiolpor10aO negrinho do pastoreio0 a1899